| 000 | 005120000a22001810004500 | ||
|---|---|---|---|
| 003 | LK-CoMWRAF | ||
| 005 | 20240624141330.0 | ||
| 008 | 230817t ||||| |||| 00| 0 eng d | ||
| 022 | _a07389779 | ||
| 040 |
_aLK-CoMWRAF _dLK-CoMWRAF _eLK-CoMWRAF |
||
| 041 | _aeng | ||
| 082 |
_a390 _bWOM |
||
| 245 |
_aWomen using media for social change: _b a collection of IWTC newsletters on women and media issues |
||
| 260 |
_aNew York:: _bIWTC, _c1984 |
||
| 300 | _aVarious pg. | ||
| 650 | _aWOMEN AND MEDIA | ||
| 942 | _cBK | ||
| 999 |
_c2213 _d2213 |
||